000
00251nmm a2200085Ia 4500
008
220120s9999||||xx |||||||||||||||||und||
100
_a
PCQ
245
0
_a
Free & open source tools to take your business online, tutor
260
_a
Cyber media Pvt. Ltd.
_c
2015
999
_c
139973
_d
139973